000 00700nam a22001937a 4500
005 20230529054430.0
008 221203b |||||||| |||| 00| 0 eng d
020 _a978-621-427-063-7
082 _aGrad/Fil. 658.408 Se487 2019
100 _aSerano, Angelita C.
_eauthor
245 _aCorporate social responsibility and good governance in the millennial age /
_cProf. Angelita Ong Camillar-Serrano
260 _aManila:
_bUnlimited Books Library Services and Publishing,
_cc2019.
300 _aviii, 286p.
504 _aIncludes reference
541 _e6832 c.1, 6833 c.2, 6834 c.3
650 _aSocial responsibility of business
650 _aBusiness ethics
650 _aCorporate governance
999 _c294
_d294